[Event "Hannover-ch C/D"]
[Site "Lehrte"]
[Date "2008.10.14"]
[Round "7"]
[White "Ousatchi, Mark"]
[Black "Maetzig, Jonas"]
[Result "1/2-1/2"]
[WhiteElo "1914"]
[BlackElo "1768"]
[PlyCount "47"]
[EventDate "2008.10.11"]
[EventType "swiss"]
[EventRounds "7"]
[EventCountry "GER"]
[SourceTitle "EXT 2021"]
[Source "ChessBase"]
[SourceDate "2020.10.23"]
[SourceVersion "1"]
[SourceVersionDate "2020.10.23"]
[SourceQuality "1"]

1. Nf3 Nf6 2. d4 e6 3. c4 d5 4. Nc3 Be7 5. Bf4 c6 6. e3 0-0 7. Qc2 Nbd7 8. cxd5 Nxd5 9. Nxd5 exd5 10. Bd3 g6 11. 0-0 Bf6 12. Rac1 Bg7 13. b4 Nf6 14. h3 Bd7 15. Ne5 Nh5 16. Bh2 Bxe5 17. dxe5 Ng7 18. e4 Be6 19. Rfd1 Qb6 20. a3 Rfd8 21. Qc5 Qxc5 22. bxc5 Rd7 23. exd5 Bxd5 24. Be2 1/2-1/2

[Event "Hannover-ch C/D"]
[Site "Lehrte"]
[Date "2008.10.14"]
[Round "6"]
[White "Roehrkasten, Reinhard"]
[Black "Ousatchi, Mark"]
[Result "1-0"]
[WhiteElo "1899"]
[BlackElo "1914"]
[PlyCount "77"]
[EventDate "2008.10.11"]
[EventType "swiss"]
[EventRounds "7"]
[EventCountry "GER"]
[SourceTitle "EXT 2021"]
[Source "ChessBase"]
[SourceDate "2020.10.23"]
[SourceVersion "1"]
[SourceVersionDate "2020.10.23"]
[SourceQuality "1"]

1. d4 Nf6 2. c4 d6 3. Nc3 Nbd7 4. e4 e5 5. Nf3 Be7 6. Be2 0-0 7. 0-0 c6 8. Qc2 Qc7 9. h3 Re8 10. Rd1 Nf8 11. d5 Bd7 12. Be3 cxd5 13. cxd5 a6 14. Rac1 Rac8 15. Qb3 Qb8 16. Nd2 Ng6 17. a4 Nf4 18. Bf1 h6 19. a5 g5 20. Kh2 Kh7 21. g3 Ng6 22. Nc4 Rg8 23. Nb6 Rc7 24. Rc2 Be8 25. Rdc1 Nd7 26. Nca4 Bd8 27. Nc4 Rc8 28. Qb4 Be7 29. Nab6 Nxb6 30. Nxb6 Rxc2 31. Rxc2 Bb5 32. Bxb5 axb5 33. Qxb5 Qe8 34. Qxe8 Rxe8 35. Rc7 Rb8 36. b4 Kg7 37. Rc8 Rxc8 38. Nxc8 Kf8 39. b5 1-0

[Event "Hannover-ch C/D"]
[Site "Lehrte"]
[Date "2008.10.11"]
[Round "2"]
[White "Edel, Thomas"]
[Black "Ousatchi, Mark"]
[Result "1/2-1/2"]
[WhiteElo "1963"]
[BlackElo "1914"]
[PlyCount "48"]
[EventDate "2008.10.11"]
[EventType "swiss"]
[EventRounds "7"]
[EventCountry "GER"]
[SourceTitle "EXT 2021"]
[Source "ChessBase"]
[SourceDate "2020.10.23"]
[SourceVersion "1"]
[SourceVersionDate "2020.10.23"]
[SourceQuality "1"]

1. d4 Nf6 2. Nf3 d6 3. e3 g6 4. Bd3 Bg7 5. Nbd2 0-0 6. e4 c6 7. 0-0 Re8 8. Re1 Bg4 9. c3 Qc7 10. h3 Bxf3 11. Nxf3 e5 12. Bg5 Nbd7 13. Qd2 Nf8 14. Bh6 Rad8 15. Bxg7 Kxg7 16. Bc2 Qc8 17. dxe5 dxe5 18. Qe3 Qb8 19. Nh4 Ne6 20. g3 Rd7 21. Rad1 Red8 22. Rxd7 Rxd7 23. Bb3 a6 24. Bxe6 fxe6 1/2-1/2

[Event "Niedersachsen-ch Seniors op 10th"]
[Site "Bad Bevensen"]
[Date "2007.07.08"]
[Round "6"]
[White "Ousatchi, Mark"]
[Black "Merettig, Georg"]
[Result "0-1"]
[WhiteElo "1967"]
[BlackElo "1819"]
[PlyCount "70"]
[EventDate "2007.07.03"]
[EventType "swiss"]
[EventRounds "9"]
[EventCountry "GER"]
[SourceTitle "EXT 2022"]
[Source "ChessBase"]
[SourceDate "2021.10.06"]
[SourceVersion "1"]
[SourceVersionDate "2021.10.06"]
[SourceQuality "1"]

1. d4 Nc6 2. d5 Ne5 3. f4 Ng6 4. Nf3 e6 5. c4 Nf6 6. Nc3 Bc5 7. e3 Ng4 8. Nd4 f5 9. Be2 Qh4+ 10. g3 Qh3 11. Bf1 Qh6 12. Qe2 0-0 13. Bd2 exd5 14. Nxf5 Rxf5 15. Qxg4 d6 16. Qf3 Ne5 17. Qxd5+ Be6 18. Qxb7 Raf8 19. 0-0-0 Nxc4 20. e4 R5f7 21. Bxc4 Bxc4 22. f5 Qf6 23. Nd5 Qd8 24. b3 Bd3 25. b4 Bd4 26. Bc3 c5 27. Qc6 Bxe4 28. Bxd4 Bxh1 29. Rxh1 cxd4 30. Re1 Qg5+ 31. Kd1 Qxf5 32. Qc4 Qb1+ 33. Kd2 Rf2+ 34. Re2 Rxe2+ 35. Kxe2 Qf1+ 0-1

[Event "Niedersachsen-ch Seniors op 10th"]
[Site "Bad Bevensen"]
[Date "2007.07.05"]
[Round "3"]
[White "Ousatchi, Mark"]
[Black "Huhn, Ulrich"]
[Result "1-0"]
[WhiteElo "1967"]
[BlackElo "1809"]
[PlyCount "51"]
[EventDate "2007.07.03"]
[EventType "swiss"]
[EventRounds "9"]
[EventCountry "GER"]
[SourceTitle "EXT 2022"]
[Source "ChessBase"]
[SourceDate "2021.10.06"]
[SourceVersion "1"]
[SourceVersionDate "2021.10.06"]
[SourceQuality "1"]

1. d4 d5 2. Nf3 Nf6 3. c4 c6 4. Qc2 Bg4 5. Ne5 Bh5 6. e3 e6 7. Nc3 Nbd7 8. f4 Bg6 9. Bd3 dxc4 10. Nxc4 Bxd3 11. Qxd3 Bb4 12. Bd2 Nd5 13. Nxd5 Bxd2+ 14. Qxd2 exd5 15. Nd6+ Kf8 16. Nxb7 Qb6 17. Na5 Nf6 18. Nb3 Ne4 19. Qa5 Qb7 20. 0-0 g6 21. Rac1 Kg7 22. f5 Rhe8 23. Rc2 Rac8 24. f6+ Nxf6 25. Rcf2 Re6 26. Nc5 1-0

[Event "Niedersachsen-ch Seniors op 10th"]
[Site "Bad Bevensen"]
[Date "2007.07.03"]
[Round "1"]
[White "Ousatchi, Mark"]
[Black "Lueders, Guenter"]
[Result "1/2-1/2"]
[WhiteElo "1967"]
[BlackElo "1690"]
[PlyCount "82"]
[EventDate "2007.07.03"]
[EventType "swiss"]
[EventRounds "9"]
[EventCountry "GER"]
[SourceTitle "EXT 2022"]
[Source "ChessBase"]
[SourceDate "2021.10.06"]
[SourceVersion "1"]
[SourceVersionDate "2021.10.06"]
[SourceQuality "1"]

1. d4 d5 2. Nf3 Nf6 3. c4 e6 4. Nc3 Be7 5. Bf4 Bd6 6. Bxd6 Qxd6 7. e3 0-0 8. c5 Qe7 9. Ne5 c6 10. Bd3 Nbd7 11. f4 Rd8 12. 0-0 Nf8 13. Rf3 Ne8 14. Rg3 f5 15. Qh5 Bd7 16. Re1 Rac8 17. a3 Rc7 18. Rh3 Nf6 19. Qe2 Be8 20. b4 a6 21. Rb1 Ng6 22. Nxg6 Bxg6 23. a4 Qe8 24. Qd2 Ne4 25. Nxe4 fxe4 26. Be2 Qe7 27. Kh1 Rcc8 28. g4 Qd7 29. Rg3 Qe7 30. Kg2 Rf8 31. Rh1 Bf7 32. h4 g6 33. g5 Be8 34. h5 Bf7 35. Rgh3 Kg7 36. Qe1 Rh8 37. h6+ Kf8 38. Qc3 Qc7 39. Kg3 Ke7 40. Ra1 Ra8 41. Rhh1 Rhb8 1/2-1/2

[Event "Mecklenburg VP-ch Seniors op 06th"]
[Site "Plau am See"]
[Date "2006.10.06"]
[Round "3"]
[White "Drebes, Gerhard"]
[Black "Ousatchi, Mark"]
[Result "1/2-1/2"]
[WhiteElo "1909"]
[BlackElo "2031"]
[PlyCount "71"]
[EventDate "2006.10.04"]
[EventType "swiss"]
[EventRounds "9"]
[EventCountry "GER"]
[SourceTitle "EXT 2022"]
[Source "ChessBase"]
[SourceDate "2021.10.06"]
[SourceVersion "1"]
[SourceVersionDate "2021.10.06"]
[SourceQuality "1"]

1. d4 d5 2. c4 c6 3. cxd5 cxd5 4. Nc3 Nf6 5. Nf3 Nc6 6. Bf4 e6 7. e3 Bd6 8. Bxd6 Qxd6 9. Be2 0-0 10. 0-0 Bd7 11. Rc1 Rac8 12. Nb5 Qe7 13. h3 Ne4 14. a3 f5 15. Nd2 a6 16. Nc3 Na5 17. Ndxe4 fxe4 18. b4 Nc4 19. Nxe4 Nxa3 20. Qb3 Bb5 21. Bxb5 Nxb5 22. Nc5 Rc6 23. Nd3 Rfc8 24. Rxc6 Rxc6 25. Rc1 Rxc1+ 26. Nxc1 Qc7 27. Nd3 Qc4 28. Qb1 Nc3 29. Qc2 b6 30. Kh2 Ne4 31. Qa4 b5 32. Qxa6 Qxd3 33. Qxe6+ Kf8 34. Qxd5 Nd2 35. Qd6+ Kf7 36. Qc7+ 1/2-1/2

[Event "Niedersachsen-ch Seniors op 09th"]
[Site "Bad Bevensen"]
[Date "2006.06.30"]
[Round "7"]
[White "Ousatchi, Mark"]
[Black "Mueller, Waldemar"]
[Result "1-0"]
[WhiteElo "2069"]
[BlackElo "1985"]
[PlyCount "85"]
[EventDate "2006.06.24"]
[EventType "swiss"]
[EventRounds "9"]
[EventCountry "GER"]
[SourceTitle "EXT 2022"]
[Source "ChessBase"]
[SourceDate "2021.10.06"]
[SourceVersion "1"]
[SourceVersionDate "2021.10.06"]
[SourceQuality "1"]

1. d4 d5 2. Nf3 Nf6 3. c4 dxc4 4. Qa4+ Nbd7 5. Nc3 a6 6. Bf4 e6 7. e4 Be7 8. Qxc4 c6 9. Be2 0-0 10. 0-0 Qa5 11. Rfd1 c5 12. dxc5 Qxc5 13. e5 Ne8 14. Qe4 Qb4 15. Bg5 f5 16. exf6 Qxe4 17. Nxe4 Ndxf6 18. Rac1 h6 19. Nxf6+ Nxf6 20. Be3 Nd5 21. Bc5 Bxc5 22. Rxc5 Nf4 23. Bf1 b5 24. Ne5 Bb7 25. Rc7 Bd5 26. g3 Nh5 27. Bg2 Bxg2 28. Kxg2 Nf6 29. Rc6 a5 30. Rxe6 Rfd8 31. Rxd8+ Rxd8 32. Rb6 Rd2 33. Rb8+ Kh7 34. Rxb5 a4 35. Kf3 Rc2 36. h4 a3 37. bxa3 Rc3+ 38. Kg2 Rxa3 39. Rb2 h5 40. f3 Nd5 41. Nf7 Kg6 42. Ng5 Kf5 43. Kh3 1-0

[Event "Hessen-ch Seniors op 02nd"]
[Site "Bad Sooden-Allendorf"]
[Date "2006.04.29"]
[Round "5"]
[White "Rapoport, Vladimir"]
[Black "Ousatchi, Mark"]
[Result "1/2-1/2"]
[WhiteElo "2185"]
[BlackElo "2053"]
[PlyCount "84"]
[EventDate "2006.04.25"]
[EventType "swiss"]
[EventRounds "9"]
[EventCountry "GER"]
[SourceTitle "EXT 2007"]
[Source "ChessBase"]
[SourceDate "2006.11.23"]
[SourceVersion "1"]
[SourceVersionDate "2006.11.23"]
[SourceQuality "1"]

1. Nf3 d5 2. g3 c5 3. Bg2 Nc6 4. 0-0 Nf6 5. d3 Bg4 6. Nbd2 e6 7. h3 Bxf3 8. Bxf3 Bd6 9. e4 0-0 10. Bg2 Rc8 11. f4 dxe4 12. dxe4 Be7 13. c3 Qc7 14. Qe2 Rfd8 15. e5 Nd5 16. Nc4 g6 17. h4 Nb6 18. Nxb6 Qxb6 19. Be3 Qc7 20. Be4 Bf8 21. h5 Ne7 22. Rad1 Nf5 23. Bf2 a6 24. Qf3 b5 25. hxg6 hxg6 26. g4 Ne7 27. Bh4 c4 28. Bf2 Rxd1 29. Rxd1 Rd8 30. Bd4 Bg7 31. Rf1 Rd7 32. Kg2 Qc8 33. a3 Qc7 34. Re1 Qc8 35. Rd1 Qd8 36. Re1 Qc7 37. Re2 Qc8 38. f5 gxf5 39. gxf5 exf5 40. Bxf5 Nxf5 41. Qxf5 Qc6+ 42. Kg3 Qe6 1/2-1/2

[Event "Hessen-ch Seniors op 02nd"]
[Site "Bad Sooden-Allendorf"]
[Date "2006.04.25"]
[Round "1"]
[White "Schneidereit, Manfred"]
[Black "Ousatchi, Mark"]
[Result "0-1"]
[WhiteElo "1567"]
[BlackElo "2053"]
[PlyCount "72"]
[EventDate "2006.04.25"]
[EventType "swiss"]
[EventRounds "9"]
[EventCountry "GER"]
[SourceTitle "EXT 2007"]
[Source "ChessBase"]
[SourceDate "2006.11.23"]
[SourceVersion "1"]
[SourceVersionDate "2006.11.23"]
[SourceQuality "1"]

1. f4 d5 2. Nf3 Nf6 3. b3 c5 4. e3 Nc6 5. Bb2 Bg4 6. Be2 e6 7. 0-0 Bd6 8. c4 0-0 9. Ne5 Bxe2 10. Qxe2 Rc8 11. d4 Ne4 12. Nd2 Nxd2 13. Qxd2 Bxe5 14. fxe5 dxc4 15. bxc4 cxd4 16. exd4 Nxe5 17. Qe2 Nxc4 18. Rac1 Nxb2 19. Qxb2 Qd5 20. Qf2 Rc4 21. Rxc4 Qxc4 22. d5 Qxd5 23. Qxa7 Rc8 24. Kh1 h6 25. h3 Rc2 26. Qb8+ Kh7 27. Qg3 f5 28. a3 Qc4 29. Qf3 Rc3 30. Qf4 Qxf4 31. Rxf4 Rxa3 32. Rb4 Kg6 33. Rxb7 Kf6 34. Kg1 Ra2 35. h4 Ra4 36. g3 g5 0-1

[Event "Niedersachsen-ch Seniors 40th"]
[Site "Wingst"]
[Date "2006.04.10"]
[Round "7"]
[White "Helmsen, Franz"]
[Black "Ousatchi, Mark"]
[Result "1-0"]
[WhiteElo "2030"]
[BlackElo "2049"]
[PlyCount "107"]
[EventDate "2006.04.04"]
[EventType "swiss"]
[EventRounds "9"]
[EventCountry "GER"]
[SourceTitle "EXT 2007"]
[Source "ChessBase"]
[SourceDate "2006.11.23"]
[SourceVersion "1"]
[SourceVersionDate "2006.11.23"]
[SourceQuality "1"]

1. e4 c5 2. Nf3 Nc6 3. d4 cxd4 4. Nxd4 Nf6 5. Nc3 e6 6. Ndb5 d6 7. Bf4 e5 8. Bg5 a6 9. Na3 Be7 10. Bxf6 gxf6 11. Nd5 Be6 12. c3 f5 13. exf5 Bxf5 14. Nc4 Rb8 15. Nce3 Bg6 16. Bd3 e4 17. Be2 Ne5 18. 0-0 Bg5 19. Qd4 0-0 20. Nc4 Nc6 21. Qb6 Re8 22. Rad1 Re6 23. f4 exf3 24. Bxf3 Ne5 25. Qxd8+ Rxd8 26. Nxe5 dxe5 27. Bg4 Red6 28. c4 Bc2 29. Rde1 Bd3 30. Be2 e4 31. Bxd3 exd3 32. Rf5 h6 33. Rd1 b5 34. b3 bxc4 35. bxc4 Rc6 36. Rxg5+ hxg5 37. Ne7+ Kg7 38. Nxc6 Rc8 39. Na5 Rc5 40. Nb3 Rxc4 41. Rxd3 Ra4 42. Rd2 f5 43. g3 Rc4 44. Kf2 Kf7 45. Ke3 Rg4 46. Kd3 Kf6 47. Re2 f4 48. gxf4 gxf4 49. Nd4 Kg5 50. Nf3+ Kg6 51. Ne5+ Kf5 52. Nc4 f3 53. Rf2 Kf4 54. a3 1-0

[Event "Niedersachsen-ch Seniors 40th"]
[Site "Wingst"]
[Date "2006.04.06"]
[Round "3"]
[White "Schencke, Guenther"]
[Black "Ousatchi, Mark"]
[Result "0-1"]
[WhiteElo "1712"]
[BlackElo "2049"]
[PlyCount "66"]
[EventDate "2006.04.04"]
[EventType "swiss"]
[EventRounds "9"]
[EventCountry "GER"]
[SourceTitle "EXT 2007"]
[Source "ChessBase"]
[SourceDate "2006.11.23"]
[SourceVersion "1"]
[SourceVersionDate "2006.11.23"]
[SourceQuality "1"]

1. d4 d5 2. Nf3 Nf6 3. e3 Bg4 4. c4 e6 5. Qb3 b6 6. Ne5 c6 7. cxd5 exd5 8. Nxg4 Nxg4 9. Be2 Nf6 10. Bd2 Bd6 11. Bf3 0-0 12. Bb4 c5 13. dxc5 bxc5 14. Bc3 Nbd7 15. Bxd5 Rb8 16. Qd1 Nxd5 17. Qxd5 Nf6 18. Qf3 Re8 19. 0-0 Ne4 20. Nd2 Nxc3 21. bxc3 Bxh2+ 22. Kxh2 Qxd2 23. Rfd1 Qxc3 24. Rac1 Qe5+ 25. g3 Red8 26. Rxd8+ Rxd8 27. Qc6 Qb2 28. Rxc5 Qxf2+ 29. Kh3 Qxe3 30. Qc7 Qe6+ 31. g4 Qh6+ 32. Rh5 Rd3+ 33. Kh4 g5# 0-1

[Event "Wch Seniors 15th"]
[Site "Lignano Sabbiadoro"]
[Date "2005.09.29"]
[Round "2"]
[White "Ousatchi, Mark"]
[Black "Shestoperov, Aleksej"]
[Result "0-1"]
[WhiteElo "2169"]
[BlackElo "2432"]
[PlyCount "56"]
[EventDate "2005.09.28"]
[EventType "swiss"]
[EventRounds "11"]
[EventCountry "ITA"]
[SourceTitle "CBM 108 Extra"]
[Source "ChessBase"]
[SourceDate "2005.11.04"]
[SourceVersion "1"]
[SourceVersionDate "2005.11.04"]
[SourceQuality "1"]

1. d4 Nf6 2. Nf3 g6 3. c4 Bg7 4. Nc3 0-0 5. Bg5 c5 6. d5 h6 7. Bd2 e6 8. e3 exd5 9. cxd5 d6 10. Bd3 Na6 11. a3 Nc7 12. Bc4 b5 13. Nxb5 Ncxd5 14. 0-0 Nb6 15. Be2 Ne4 16. Nc3 d5 17. a4 Bf5 18. Qc1 Nxd2 19. Qxd2 d4 20. e4 dxc3 21. Qxd8 Rfxd8 22. exf5 cxb2 23. Ra3 c4 24. a5 c3 25. Raa1 bxa1Q 26. Rxa1 c2 27. Rc1 Rac8 28. axb6 Bb2 0-1

[Event "GER-ch Seniors-A 17th"]
[Site "Essen"]
[Date "2005.08.26"]
[Round "7"]
[White "Pooth, Richard"]
[Black "Ousatchi, Mark"]
[Result "0-1"]
[WhiteElo "1937"]
[BlackElo "2169"]
[PlyCount "33"]
[EventDate "2005.08.20"]
[EventType "swiss"]
[EventRounds "9"]
[EventCountry "GER"]
[SourceTitle "CBM 108 Extra"]
[Source "ChessBase"]
[SourceDate "2005.11.04"]
[SourceVersion "1"]
[SourceVersionDate "2005.11.04"]
[SourceQuality "1"]

1. e4 b6 2. d4 Bb7 3. f3 e6 4. Nh3 c5 5. c3 d6 6. Be3 Nd7 7. Qd2 Ngf6 8. Be2 Qc7 9. Na3 a6 10. Nc2 Be7 11. 0-0 h6 12. Rad1 0-0-0 13. a4 g5 14. Nf2 Rdg8 15. h3 h5 16. Nh1 Rg7 17. g4 0-1

[Event "GER-ch Seniors-A 17th"]
[Site "Essen"]
[Date "2005.08.23"]
[Round "4"]
[White "Ousatchi, Mark"]
[Black "Bodenstein, Joachim"]
[Result "1-0"]
[WhiteElo "2169"]
[BlackElo "2015"]
[PlyCount "115"]
[EventDate "2005.08.20"]
[EventType "swiss"]
[EventRounds "9"]
[EventCountry "GER"]
[SourceTitle "CBM 108 Extra"]
[Source "ChessBase"]
[SourceDate "2005.11.04"]
[SourceVersion "1"]
[SourceVersionDate "2005.11.04"]
[SourceQuality "1"]

1. Nf3 Nc6 2. d4 d5 3. c4 Bg4 4. e3 e5 5. dxe5 dxc4 6. Qa4 Bxf3 7. gxf3 Qd5 8. Be2 b5 9. Nc3 bxa4 10. Nxd5 0-0-0 11. e4 Nxe5 12. Bf4 Bd6 13. Rc1 c6 14. Bxe5 Bxe5 15. Rxc4 Kd7 16. Nc3 Rb8 17. Nxa4 Bxb2 18. 0-0 Ne7 19. f4 Rhd8 20. Nc5+ Ke8 21. Nd3 Bd4 22. Kg2 Bb6 23. Rfc1 f6 24. R1c2 Rd4 25. Kf3 Rxc4 26. Rxc4 Rd8 27. Rc2 Rd4 28. h4 g6 29. Nc1 Kd7 30. Nb3 Rb4 31. Bc4 Kd6 32. Rd2+ Kc7 33. Be6 Nc8 34. Rd7+ Kb8 35. Nd2 Rd4 36. Rxd4 Bxd4 37. Nb3 Bb6 38. e5 Bd8 39. Nd4 Kb7 40. Bxc8+ Kxc8 41. Nxc6 Bb6 42. exf6 Kd7 43. f7 Bc5 44. Nxa7 Ke7 45. Nc6+ Kxf7 46. a4 Ke6 47. a5 Kd6 48. Ne5 Kc7 49. Nf7 Kb7 50. Ng5 h6 51. Nf7 Bf8 52. Ne5 g5 53. fxg5 hxg5 54. hxg5 Ka6 55. Nc6 Kb5 56. Nd4+ Kxa5 57. Ne6 Be7 58. g6 1-0

[Event "Bad Bevensen Seniors op 8th"]
[Site "Bad Bevensen"]
[Date "2005.06.30"]
[Round "6"]
[White "Schmidt, Manfred"]
[Black "Ousatchi, Mark"]
[Result "0-1"]
[WhiteElo "1947"]
[BlackElo "2139"]
[PlyCount "112"]
[EventDate "2005.06.25"]
[EventType "swiss"]
[EventRounds "9"]
[EventCountry "GER"]
[SourceTitle "EXT 2007"]
[Source "ChessBase"]
[SourceDate "2006.11.23"]
[SourceVersion "1"]
[SourceVersionDate "2006.11.23"]
[SourceQuality "1"]

1. e4 e5 2. Nf3 Nc6 3. Bb5 a6 4. Ba4 Nf6 5. d4 b5 6. Bb3 Nxe4 7. dxe5 Nc5 8. Bd5 Ne6 9. 0-0 Bb7 10. Be3 Be7 11. Nc3 0-0 12. Ne4 Na5 13. Bxb7 Nxb7 14. Qd2 d5 15. exd6 Nxd6 16. Nxd6 Bxd6 17. Rad1 Qf6 18. c3 Rfd8 19. Qc2 Rd7 20. Rd2 Rad8 21. Rfd1 h6 22. Qe4 g5 23. Nd4 Nxd4 24. Rxd4 Re7 25. Qg4 Rde8 26. g3 Bc5 27. R4d3 Bxe3 28. Rxe3 Rxe3 29. fxe3 Qb6 30. Qd4 Rxe3 31. Qxb6 cxb6 32. Rd8+ Kg7 33. Kf2 Re6 34. Ra8 a5 35. Rd8 Re4 36. Rd6 Re6 37. Rd5 b4 38. cxb4 a4 39. a3 Rc6 40. Rd2 Kf6 41. Ke3 Ke5 42. h3 f5 43. Kf3 Rc4 44. Rd3 h5 45. b3 axb3 46. Rxb3 b5 47. Rd3 h4 48. gxh4 Rxh4 49. Kg3 Rd4 50. Rc3 Ke4 51. Kf2 Rc4 52. Rxc4+ bxc4 53. b5 Kd5 54. a4 g4 55. hxg4 fxg4 56. Ke2 g3 0-1

[Event "Bad Bevensen Seniors op 8th"]
[Site "Bad Bevensen"]
[Date "2005.06.29"]
[Round "4"]
[White "Wittkugel, Friedhelm"]
[Black "Ousatchi, Mark"]
[Result "1/2-1/2"]
[WhiteElo "2068"]
[BlackElo "2139"]
[PlyCount "34"]
[EventDate "2005.06.25"]
[EventType "swiss"]
[EventRounds "9"]
[EventCountry "GER"]
[SourceTitle "EXT 2007"]
[Source "ChessBase"]
[SourceDate "2006.11.23"]
[SourceVersion "1"]
[SourceVersionDate "2006.11.23"]
[SourceQuality "1"]

1. d4 d5 2. Nf3 Nf6 3. c4 c6 4. Nc3 e6 5. e3 Nbd7 6. Bd3 Bd6 7. 0-0 0-0 8. e4 dxe4 9. Nxe4 Nxe4 10. Bxe4 Nf6 11. Bc2 Re8 12. Bg5 h6 13. Bh4 g5 14. Bg3 Bxg3 15. hxg3 Kg7 16. Qd3 Rh8 17. Rfe1 Bd7 1/2-1/2

[Event "Hessen-ch Seniors op 01st"]
[Site "Bad Sooden-Allendorf"]
[Date "2005.04.24"]
[Round "3"]
[White "Lange, Lutz"]
[Black "Ousatchi, Mark"]
[Result "0-1"]
[WhiteElo "1763"]
[BlackElo "2050"]
[PlyCount "81"]
[EventDate "2005.04.22"]
[EventType "swiss"]
[EventRounds "9"]
[EventCountry "GER"]
[SourceTitle "EXT 2007"]
[Source "ChessBase"]
[SourceDate "2006.11.23"]
[SourceVersion "1"]
[SourceVersionDate "2006.11.23"]
[SourceQuality "1"]

1. d4 d5 2. Nf3 Nf6 3. c4 c6 4. Nc3 e6 5. e3 Nbd7 6. Bd3 dxc4 7. Bxc4 b5 8. Bd3 a6 9. e4 c5 10. d5 e5 11. 0-0 Bd6 12. a4 c4 13. Be2 b4 14. Nb1 Nxe4 15. Bxc4 0-0 16. Nbd2 Nec5 17. Re1 f5 18. Nb3 Ne4 19. Bd3 Ndf6 20. Ng5 Nxg5 21. Bxg5 h6 22. Bxf6 Qxf6 23. Na5 e4 24. Bc4 Qxb2 25. Nc6 Qf6 26. Qe2 a5 27. Rac1 Bd7 28. Bb3 Rfe8 29. Qe3 f4 30. Qd4 Qg6 31. Bc2 f3 32. g3 Bf5 33. Qc4 Kh8 34. Qb5 h5 35. Nd4 Rab8 36. Qf1 h4 37. Nxf3 exf3 38. Bxf5 Qxf5 39. Qc4 hxg3 40. Qh4+ Qh7 41. Qxh7+ 0-1

[Event "Hessen-ch Seniors op 01st"]
[Site "Bad Sooden-Allendorf"]
[Date "2005.04.22"]
[Round "1"]
[White "Pannenbaecker, Hermann Josef"]
[Black "Ousatchi, Mark"]
[Result "0-1"]
[WhiteElo "1592"]
[BlackElo "2050"]
[PlyCount "52"]
[EventDate "2005.04.22"]
[EventType "swiss"]
[EventRounds "9"]
[EventCountry "GER"]
[SourceTitle "EXT 2007"]
[Source "ChessBase"]
[SourceDate "2006.11.23"]
[SourceVersion "1"]
[SourceVersionDate "2006.11.23"]
[SourceQuality "1"]

1. e4 e5 2. Nf3 Nc6 3. Bb5 a6 4. Ba4 Nf6 5. 0-0 Be7 6. c3 b5 7. Bc2 d6 8. h3 0-0 9. Re1 Bd7 10. d4 h6 11. Nbd2 Nh7 12. Nf1 Ng5 13. Bxg5 Bxg5 14. Nxg5 Qxg5 15. Ng3 Rfe8 16. Qd3 h5 17. Rad1 h4 18. Nf5 g6 19. Qe3 Qxe3 20. Nxe3 Kg7 21. Nd5 Rac8 22. Bb1 Be6 23. f4 exd4 24. cxd4 Bxd5 25. exd5 Rxe1+ 26. Rxe1 Nxd4 0-1

[Event "Niedersachsen-ch Seniors 39th"]
[Site "Wingst"]
[Date "2005.03.08"]
[Round "6"]
[White "Zotin, Vladimir"]
[Black "Ousatchi, Mark"]
[Result "1/2-1/2"]
[WhiteElo "2021"]
[BlackElo "2120"]
[PlyCount "47"]
[EventDate "2005.03.03"]
[EventType "swiss"]
[EventRounds "9"]
[EventCountry "GER"]
[SourceTitle "EXT 2006"]
[Source "ChessBase"]
[SourceDate "2005.11.24"]
[SourceVersion "1"]
[SourceVersionDate "2005.11.24"]
[SourceQuality "1"]

1. e4 e5 2. Nf3 Nc6 3. Bb5 a6 4. Bxc6 dxc6 5. Nxe5 Qd4 6. Nf3 Qxe4+ 7. Qe2 Qxe2+ 8. Kxe2 Bf5 9. d3 0-0-0 10. Be3 Nf6 11. Nc3 Bd6 12. h3 Nd5 13. Ne4 Rhe8 14. Nxd6+ cxd6 15. Kd2 Nxe3 16. fxe3 h6 17. Rhf1 Re7 18. Rf2 f6 19. Raf1 Rde8 20. e4 Bh7 21. g4 Kd7 22. Re1 b5 23. Rfe2 c5 24. Nh4 1/2-1/2